| 000 | 00440nam a2200169 a 4500 | ||
|---|---|---|---|
| 001 | 5915 | ||
| 003 | CDMR | ||
| 005 | 20130222123050.0 | ||
| 008 | 130220s1999||||||||||||||||||||||||||||d | ||
| 040 |
_aCDMR _bcat _cCDMR |
||
| 100 | 1 |
_aRovira i Virgili, Antoni _9139 |
|
| 245 | 1 | 0 |
_aSiluetes de catalans _cAntoni Rovira i Virgili |
| 260 |
_aBarcelona _bProa _c1999 |
||
| 300 |
_a223 p ; _c16 cm |
||
| 600 | 1 |
_aOrs, Eugeni d' _91050 |
|
| 942 |
_cMON _2ddc |
||
| 999 |
_c5915 _d5915 |
||